Statystyki dla Kraje najbliższe Malawi

Kliknij tutaj aby rozwiązać quiz!

Ogólne statystyki

  • Ten quiz został rozwiązany 31 razy
  • Średni wynik to 18 z 20

Statystyki odpowiedzi

kmkraj% Poprawnych
707Republika
Południowej Afryki
100%
1433Lesotho
97%
919Namibia
97%
0Zambia
97%
936Angola
93%
292Dem Rep Konga
93%
1028Eswatini
93%
795Kenia
93%
0Mozambik
93%
815Rwanda
93%
942Uganda
93%
162Zimbabwe
93%
820Botswana
90%
652Burundi
90%
0Tanzania
90%
1232Somalia
86%
879Madagaskar
83%
1434Sudan Południowy
76%
1551Etiopia
72%
859Komory
66%

Rozkład punktacji

Percentyl według liczby udzielonych odpowiedzi

Procent ludzi z każdym wynikiem

Twoja historia wyników

Nie rozwiązałeś tego quizu